000 00439nam a2200181Ia 4500
005 20250628115903.0
008 191130s2008##################000#0#eng##
020 _a9780192727640
_qpbk
041 _aeng
082 _a823.92 PRU
100 _aPrue, Sally
245 _aGoldkeeper
_cSally Prue
250 _a1st ed
260 _aOxford
_bOxford University Press
_c2008
300 _a296 p
_c22cm
650 _aDrama
942 _cENGLISH
999 _c265663
_d265663